[Event "C.to Europeo U16"]
[Site "Fermo ITA"]
[Date "2009.09.01"]
[Round "2"]
[White "Botto, Julien"]
[Black "Nakar, Eylon"]
[Result "0-1"]
[WhiteElo "1906"]
[BlackElo "2242"]
[PlyCount "134"]
[EventDate "2009.08.31"]

1. e4 e6 2. d4 d5 3. Nd2 Nf6 4. e5 Nfd7 5. Ngf3 c5 6. c3 Nc6 7. Bd3 g6 8. O-O
Bg7 9. Re1 O-O 10. Nf1 cxd4 11. cxd4 Qb6 12. Bc2 f6 13. exf6 Nxf6 14. Rb1 Ng4
15. Be3 Bd7 16. Ng3 Rac8 17. Qd2 Qb4 18. Qxb4 Nxb4 19. Bb3 Nd3 20. Red1 Bb5 21.
Ng5 Bh6 22. h4 Ngxf2 23. Bxf2 Rxf2 24. Nxe6 Be3 25. Kh2 Bc4 26. Bxc4 dxc4 27.
Rf1 Rxb2 28. Rxb2 Nxb2 29. Ne4 c3 30. Nxc3 Bxd4 31. Nxd4 Rxc3 32. Rb1 Rc4 33.
Rxb2 Rxd4 34. Rxb7 Rxh4+ 35. Kg3 Ra4 36. Rb2 h5 37. Rf2 Kg7 38. Kh3 Kh6 39. g3
Ra3 40. Kg2 Kg7 41. Kh2 a5 42. Kg2 a4 43. Kh3 Rc3 44. Kg2 a3 45. Kh2 Rc1 46.
Kh3 Rh1+ 47. Kg2 Rb1 48. Rf4 Rb2+ 49. Kf3 Rxa2 50. Ra4 Ra1 51. Ra5 Kf6 52. Kf2
Ke6 53. Kg2 Kd6 54. Rg5 Ra2+ 55. Kf3 Rb2 56. Rxg6+ Kc5 57. Ra6 a2 58. Ke3 Kb4
59. Ke4 Kb3 60. Kd3 Rb1 61. Rb6+ Ka3 62. Ra6+ Kb2 63. Rb6+ Kc1 64. Rc6+ Kd1 65.
Rf6 Ke1 66. Re6+ Kf1 67. Rf6+ Kg1 0-1

[Event "C.to Europeo U16"]
[Site "Fermo ITA"]
[Date "2009.09.01"]
[Round "2"]
[White "De Ridder, Dieter"]
[Black "Rzayev, Bahruz Iqbal Oglu"]
[Result "1-0"]
[WhiteElo "1914"]
[BlackElo "2228"]
[PlyCount "107"]
[EventDate "2009.08.31"]

1. e4 c5 2. Nf3 Nc6 3. d4 cxd4 4. Nxd4 Nf6 5. Nc3 e5 6. Ndb5 d6 7. Bg5 a6 8.
Na3 b5 9. Bxf6 gxf6 10. Nd5 f5 11. c3 Bg7 12. exf5 Bxf5 13. Nc2 O-O 14. Nce3
Be6 15. Bd3 f5 16. O-O Ne7 17. Nxe7+ Qxe7 18. Bxf5 Kh8 19. Bxe6 Qxe6 20. Qd5
Qg6 21. a4 Rab8 22. axb5 Rxb5 23. Qd2 e4 24. Rxa6 Be5 25. g3 Qe6 26. Qe2 Rc5
27. Qg4 Qxg4 28. Nxg4 Rb8 29. Nxe5 Rxe5 30. b4 d5 31. Ra5 Rc8 32. Rc5 Rd8 33.
c4 e3 34. Rxd5 exf2+ 35. Rxf2 Rdxd5 36. cxd5 Rxd5 37. Rb2 Rb5 38. Kf2 Kg7 39.
Ke3 Kf6 40. Kd4 Ke6 41. Kc4 Re5 42. Rd2 Re1 43. Kc5 Rc1+ 44. Kb6 h5 45. b5 h4
46. gxh4 Rc4 47. Ka7 Ra4+ 48. Kb7 Rxh4 49. b6 Rb4 50. Kc7 Rc4+ 51. Kb8 Ke7 52.
b7 Rb4 53. Ra2 Kd7 54. Ka8 1-0

[Event "C.to Europeo U16"]
[Site "Fermo ITA"]
[Date "2009.09.01"]
[Round "2"]
[White "Draskovic, Davor"]
[Black "Stoeri, Simon"]
[Result "1-0"]
[WhiteElo "1702"]
[BlackElo "1974"]
[PlyCount "79"]
[EventDate "2009.08.31"]

1. e4 e5 2. Nf3 Nc6 3. d4 exd4 4. Nxd4 Nf6 5. Nxc6 bxc6 6. e5 Qe7 7. Qe2 Nd5 8.
c4 Ba6 9. Qe4 Nb4 10. Nc3 Rd8 11. Be3 d5 12. cxd5 Bxf1 13. d6 cxd6 14. Qxb4
Bxg2 15. Rg1 Bf3 16. Rg3 Bh5 17. exd6 Rxd6 18. Qa5 Bg6 19. Kf1 Qd8 20. Qxa7 Rd7
21. Qa4 Bd6 22. Bg5 f6 23. Re1+ Be7 24. Bf4 Qc8 25. Rge3 O-O 26. Rxe7 Rxe7 27.
Rxe7 Qh3+ 28. Kg1 Bd3 29. Qd1 Rd8 30. Re3 Qf5 31. Ne4 Rd5 32. Rxd3 Qg6+ 33. Bg3
Qxe4 34. Rxd5 cxd5 35. Qd2 Qb1+ 36. Kg2 Qxa2 37. Qd4 Qb3 38. Qe3 Qb5 39. Qe6+
Kf8 40. Bd6# 1-0

[Event "C.to Europeo U16"]
[Site "Fermo ITA"]
[Date "2009.09.01"]
[Round "2"]
[White "Fiducioso, Marco"]
[Black "Orava, Aleksander"]
[Result "1-0"]
[WhiteElo "2122"]
[BlackElo "1794"]
[PlyCount "85"]
[EventDate "2009.08.31"]

1. e4 c5 2. Nf3 e6 3. d4 cxd4 4. Nxd4 Nf6 5. Bd3 Nc6 6. Nxc6 bxc6 7. O-O d5 8.
Nd2 Be7 9. b3 O-O 10. Bb2 a5 11. Qe2 Bb7 12. Kh1 Qb6 13. f4 Ba6 14. f5 Bxd3 15.
cxd3 exf5 16. Rxf5 Rae8 17. Raf1 dxe4 18. dxe4 c5 19. Qf3 Qe6 20. Qg3 Kh8 21.
h3 Rg8 22. Qf4 Rgf8 23. Qg5 Rg8 24. Re5 Qd7 25. Rxe7 Qxe7 26. Rxf6 Rd8 27. Nc4
Rd1+ 28. Kh2 Rf1 29. Rf5 f6 30. Qg4 Rxf5 31. Qxf5 a4 32. e5 fxe5 33. Nxe5 Rf8
34. Qe4 Qa7 35. Nc6 Qa8 36. Qe7 Rg8 37. Ne5 h6 38. Nf7+ Kh7 39. Qxc5 Qb8+ 40.
Be5 Qc8 41. Qd5 axb3 42. axb3 Qf5 43. Nd6 1-0

[Event "C.to Europeo U16"]
[Site "Fermo ITA"]
[Date "2009.09.01"]
[Round "2"]
[White "Firat, Burak"]
[Black "Vlasak, Lukas"]
[Result "1-0"]
[WhiteElo "2310"]
[BlackElo "2177"]
[PlyCount "73"]
[EventDate "2009.08.31"]

1. e4 c5 2. Nf3 e6 3. d4 cxd4 4. Nxd4 a6 5. Nc3 Qc7 6. Bd3 Nf6 7. O-O Bc5 8.
Nb3 Be7 9. f4 d6 10. Qe2 Nbd7 11. Bd2 b5 12. Rae1 b4 13. Nd1 e5 14. Ne3 Nc5 15.
Bxb4 exf4 16. Nd5 Qa7 17. Kh1 O-O 18. Rxf4 Nxd3 19. Nxe7+ Qxe7 20. cxd3 Re8 21.
Rff1 Rb8 22. Bc3 Ng4 23. h3 Ne5 24. Nd4 Qh4 25. Nf5 Bxf5 26. Rxf5 Ng6 27. Ref1
Qe7 28. Qf2 f6 29. Ra5 Qb7 30. Qd4 Qc6 31. Qd5+ Qxd5 32. Rxd5 Red8 33. Ra5 Rb6
34. Kg1 Ne5 35. Rd1 Kf7 36. Ra4 d5 37. Ba5 1-0

[Event "C.to Europeo U16"]
[Site "Fermo ITA"]
[Date "2009.09.01"]
[Round "2"]
[White "Foster, James M."]
[Black "Arvola, Benjamin"]
[Result "0-1"]
[WhiteElo "1867"]
[BlackElo "2144"]
[PlyCount "112"]
[EventDate "2009.08.31"]

1. e4 c5 2. Nf3 d6 3. d4 cxd4 4. Nxd4 Nf6 5. Nc3 g6 6. Be3 Bg7 7. f3 O-O 8. Qd2
Nc6 9. O-O-O d5 10. Nxc6 bxc6 11. exd5 Nxd5 12. Nxd5 cxd5 13. Qxd5 Qc7 14. Qxa8
Bf5 15. Qxf8+ Kxf8 16. Rd2 Qb8 17. b3 Bc3 18. Bh6+ Ke8 19. Rd5 f6 20. Bb5+ Kf7
21. Bc4 Be6 22. Rd3 Qb4 23. Bxe6+ Kxe6 24. Bd2 Qa3+ 25. Kd1 Be5 26. Re1 Kf7 27.
f4 Bd6 28. Rd4 Qxa2 29. Ra4 Qb1+ 30. Bc1 a5 31. Ree4 Bb4 32. Rexb4 axb4 33. Kd2
f5 34. g3 Ke6 35. Rxb4 Qa1 36. Ra4 Qg7 37. c3 Qh6 38. h4 Qh5 39. Rd4 Qf3 40.
Rd3 Qf2+ 41. Kd1 Kf7 42. Bd2 Qa7 43. Re3 h6 44. c4 Ke8 45. b4 Qa4+ 46. Ke2 Kd7
47. c5 Qa6+ 48. Kf2 Qa2 49. Rd3+ Kc6 50. Ke2 Qc4 51. Bc3 Kb5 52. Ke3 Qe4+ 53.
Kd2 Qg2+ 54. Kc1 Kc4 55. Rd2 Qxg3 56. Rc2 Kb3 0-1

[Event "C.to Europeo U16"]
[Site "Fermo ITA"]
[Date "2009.09.01"]
[Round "2"]
[White "Garcia Perez, Javier"]
[Black "Nestorovic, Lazar"]
[Result "1/2-1/2"]
[WhiteElo "1752"]
[BlackElo "2240"]
[PlyCount "57"]
[EventDate "2009.08.31"]

1. e4 c5 2. Nc3 Nc6 3. g3 g6 4. Bg2 Bg7 5. d3 d6 6. Be3 Nd4 7. Qd2 e6 8. Nd1 h5
9. c3 Nc6 10. f4 Nge7 11. Nf3 b6 12. O-O d5 13. Nh4 d4 14. cxd4 Nxd4 15. f5 Be5
16. fxg6 Nxg6 17. Nxg6 fxg6 18. Bg5 Qc7 19. Nc3 Qg7 20. Bf6 Bxf6 21. e5 Bxe5
22. Bxa8 h4 23. g4 Bb7 24. Bxb7 Qxb7 25. Rae1 Qc7 26. a4 a6 27. Ne4 h3 28. Rf2
Bxh2+ 29. Kh1 1/2-1/2

[Event "C.to Europeo U16"]
[Site "Fermo ITA"]
[Date "2009.09.01"]
[Round "2"]
[White "Givon, Asaf"]
[Black "Hajbok, Robert"]
[Result "1/2-1/2"]
[WhiteElo "2132"]
[BlackElo "2274"]
[PlyCount "56"]
[EventDate "2009.08.31"]

1. e4 c5 2. Nf3 d6 3. d4 cxd4 4. Nxd4 Nf6 5. Nc3 a6 6. Be2 e5 7. Nb3 Be7 8. O-O
O-O 9. Be3 Be6 10. Qd2 Nbd7 11. a4 Qc7 12. a5 Rac8 13. Rfd1 h6 14. Qe1 Rfe8 15.
Nc1 Bf8 16. Bf3 b5 17. axb6 Nxb6 18. Bxb6 Qxb6 19. Nd3 Bd7 20. Qe3 Qxe3 21.
fxe3 d5 22. Rxa6 d4 23. exd4 exd4 24. Ne2 Rxc2 25. Nxd4 Rc4 26. Ne2 Bc5+ 27.
Nf2 Bxf2+ 28. Kxf2 Rb4 1/2-1/2

[Event "C.to Europeo U16"]
[Site "Fermo ITA"]
[Date "2009.09.01"]
[Round "2"]
[White "Godart, Francois"]
[Black "Strzemiecki, Zbigniew"]
[Result "1/2-1/2"]
[WhiteElo "2179"]
[BlackElo "2314"]
[PlyCount "73"]
[EventDate "2009.08.31"]

1. d4 Nf6 2. c4 g6 3. Nc3 d5 4. Nf3 Bg7 5. Bg5 Ne4 6. Qc1 Nxg5 7. Qxg5 dxc4 8.
e4 O-O 9. Bxc4 e6 10. Qe3 Nd7 11. O-O-O c6 12. h4 b5 13. Bb3 a5 14. h5 a4 15.
Bc2 a3 16. b3 b4 17. Na4 c5 18. hxg6 fxg6 19. Qg5 cxd4 20. Qxd8 Rxd8 21. Nxd4
Ra6 22. f4 Rf8 23. Bd3 Rxa4 24. Nxe6 Ra7 25. Nxf8 Nxf8 26. e5 Be6 27. Be4 Rf7
28. g3 g5 29. Rd4 gxf4 30. gxf4 Bf5 31. Rxb4 Bxe4 32. Rxe4 Ne6 33. Ra4 Nxf4 34.
Rxa3 Nd3+ 35. Kd2 Nxe5 36. Ra8+ Bf8 37. b4 1/2-1/2

[Event "C.to Europeo U16"]
[Site "Fermo ITA"]
[Date "2009.09.01"]
[Round "2"]
[White "Halvax, Georg"]
[Black "Topak, Engin"]
[Result "1-0"]
[WhiteElo "2260"]
[BlackElo "2005"]
[PlyCount "73"]
[EventDate "2009.08.31"]

1. e4 c5 2. Nf3 d6 3. d4 cxd4 4. Nxd4 Nf6 5. Nc3 a6 6. Be3 e6 7. g4 b5 8. g5
Nfd7 9. Bg2 Bb7 10. O-O Nb6 11. b3 N8d7 12. Qg4 Qc7 13. Nce2 Be7 14. h4 g6 15.
c3 e5 16. Nc2 O-O 17. Nb4 a5 18. Nd3 d5 19. f3 Rad8 20. Nf2 Bc8 21. Qg3 f5 22.
exf5 gxf5 23. f4 e4 24. Bd4 Ba6 25. Rfe1 Bc5 26. Bh3 Qd6 27. h5 b4 28. c4 dxc4
29. Rac1 Nd5 30. Bf6 cxb3 31. Nd4 Nxf4 32. Nxf5 Nxh3+ 33. Qxh3 Bxf2+ 34. Kh1
Qxf6 35. gxf6 Bxe1 36. Qg4+ Kf7 37. Rc6 1-0

[Event "C.to Europeo U16"]
[Site "Fermo ITA"]
[Date "2009.09.01"]
[Round "2"]
[White "Handler, Lukas"]
[Black "Antolin Concha, Diego"]
[Result "0-1"]
[WhiteElo "2115"]
[BlackElo "2252"]
[PlyCount "118"]
[EventDate "2009.08.31"]

1. d4 Nf6 2. c4 e6 3. Nc3 Bb4 4. Qc2 d5 5. cxd5 exd5 6. Bg5 h6 7. Bh4 c5 8. e3
cxd4 9. Bb5+ Nc6 10. exd4 g5 11. Bg3 Ne4 12. Nge2 Qa5 13. Bd3 Nxg3 14. hxg3 Be6
15. Bf5 O-O-O 16. O-O Kb8 17. Bxe6 fxe6 18. Na4 h5 19. a3 Bd6 20. b4 Qc7 21.
Nc5 Bxc5 22. Qxc5 h4 23. b5 Na5 24. Qxc7+ Kxc7 25. f4 hxg3 26. fxg5 Rhg8 27.
Nf4 Kd6 28. g6 Nc4 29. Rf3 Rdf8 30. Rd1 Rf5 31. Rdd3 Rgf8 32. Nh5 Rxf3 33. gxf3
Ke7 34. g7 Rg8 35. f4 Nd6 36. b6 axb6 37. Rc3 Kf7 38. Rxg3 Nf5 39. Rb3 Kg6 40.
Ng3 Nxd4 41. Rxb6 Rxg7 42. Kf2 Rf7 43. Ke3 Nf5+ 44. Kf3 Nxg3 45. Rxe6+ Rf6 46.
Rxf6+ Kxf6 47. Kxg3 Kf5 48. Kf3 d4 49. a4 b6 50. Ke2 Kxf4 51. Kd3 Ke5 52. Kd2
Kd5 53. Kd3 Kc5 54. Kd2 Kb4 55. Kd3 Kxa4 56. Kxd4 b5 57. Kc3 Ka3 58. Kc2 b4 59.
Kb1 Kb3 0-1

[Event "C.to Europeo U16"]
[Site "Fermo ITA"]
[Date "2009.09.01"]
[Round "2"]
[White "Jacko, Vladimir"]
[Black "Danilenko, Dmitriy"]
[Result "0-1"]
[WhiteElo "2137"]
[BlackElo "2290"]
[PlyCount "52"]
[EventDate "2009.08.31"]

1. d4 f5 2. Nf3 Nf6 3. e3 d6 4. b3 g6 5. Bb2 Bg7 6. c4 O-O 7. Nc3 Qe8 8. d5 Na6
9. Be2 Bd7 10. O-O Ne4 11. Qc2 Bxc3 12. Bxc3 Nxc3 13. Qxc3 Nc5 14. Nd2 a5 15.
a3 Qf7 16. b4 Na4 17. Qc2 Qf6 18. Nb3 axb4 19. axb4 Nc3 20. Nd4 Nxe2+ 21. Qxe2
f4 22. Qd2 Rxa1 23. Rxa1 f3 24. Ra3 fxg2 25. e4 Qe5 26. Qd3 Rxf2 0-1

[Event "C.to Europeo U16"]
[Site "Fermo ITA"]
[Date "2009.09.01"]
[Round "2"]
[White "Juhasz, Kristof"]
[Black "Huseyn, Orkhan Samir Oglu"]
[Result "0-1"]
[WhiteElo "2268"]
[BlackElo "2121"]
[PlyCount "70"]
[EventDate "2009.08.31"]

1. d4 Nf6 2. Nf3 g6 3. c4 Bg7 4. g3 O-O 5. Bg2 d6 6. O-O Nbd7 7. Nc3 e5 8. e4
exd4 9. Nxd4 Re8 10. h3 Nc5 11. Re1 a5 12. Bf4 c6 13. Qc2 Nfd7 14. Rad1 Be5 15.
Be3 Re7 16. f4 Bg7 17. Bf2 Na6 18. a3 Ndc5 19. Qb1 Ne6 20. Nd5 cxd5 21. exd5
Nxd4 22. Rxe7 Qxe7 23. Bxd4 Bf5 24. Qc1 Bxd4+ 25. Rxd4 Re8 26. Qc3 h5 27. Qxa5
Nc5 28. Qb6 Qe1+ 29. Kh2 Qe2 30. Qxd6 Be4 31. Rxe4 Nxe4 32. Qc7 Nd2 33. h4 Qf2
34. Qxb7 Re2 35. d6 Nf1+ 0-1

[Event "C.to Europeo U16"]
[Site "Fermo ITA"]
[Date "2009.09.01"]
[Round "2"]
[White "Kanarek, Marcel"]
[Black "Lortkipanidze, Nodar"]
[Result "1-0"]
[WhiteElo "2422"]
[BlackElo "2218"]
[PlyCount "43"]
[EventDate "2009.08.31"]

1. e4 e6 2. d4 d5 3. Nc3 Nf6 4. Bg5 Bb4 5. e5 h6 6. Be3 Ne4 7. Qg4 g6 8. a3
Bxc3+ 9. bxc3 c5 10. Bd3 h5 11. Qd1 Nxc3 12. Qd2 Ne4 13. Bxe4 dxe4 14. Ne2 Nc6
15. Rd1 cxd4 16. Nxd4 Nxd4 17. Bxd4 Qc7 18. Bc5 Bd7 19. Bd6 Qc4 20. Qg5 Qc3+
21. Kf1 Bb5+ 22. Kg1 1-0

[Event "C.to Europeo U16"]
[Site "Fermo ITA"]
[Date "2009.09.01"]
[Round "2"]
[White "Marchetti, Michael"]
[Black "Piccinini, Samuele"]
[Result "0-1"]
[WhiteElo "1503"]
[BlackElo "1908"]
[PlyCount "118"]
[EventDate "2009.08.31"]

1. d4 d5 2. c4 e6 3. Nc3 Nf6 4. Bg5 Nbd7 5. Nf3 Be7 6. e3 O-O 7. Bd3 a6 8. Qc2
dxc4 9. Bxc4 b5 10. Bd3 c5 11. Ne4 cxd4 12. Nxf6+ Nxf6 13. Nxd4 Bb7 14. Bxf6
Bxf6 15. Bxh7+ Kh8 16. Be4 Rc8 17. Qd3 Bxe4 18. Qxe4 Bxd4 19. exd4 Rc4 20. Ke2
Rxd4 21. Qc2 Qd5 22. f3 Qe5+ 23. Kf2 Rc4 24. Qd2 Qc5+ 25. Kg3 Rc2 26. Rhc1 Qe5+
27. f4 Rxd2 28. fxe5 Rxb2 29. Rc7 Rd8 30. Rxf7 Rd3+ 31. Rf3 Rxf3+ 32. gxf3 Rb4
33. f4 Ra4 34. Kg4 g6 35. Kg5 Kg7 36. h4 a5 37. Rc1 Rxa2 38. Rc7+ Kf8 39. Kf6
Ke8 40. Kxe6 Kd8 41. Rb7 b4 42. Kf6 Kc8 43. Rb5 Kc7 44. e6 Rf2 45. Kxg6 Rxf4
46. Rxa5 Rxh4 47. Re5 Kd8 48. Kf7 Rf4+ 49. Kg6 Ke7 50. Kg5 Rf1 51. Rb5 Rb1 52.
Rb6 b3 53. Kf5 b2 54. Rb7+ Kd8 55. Rb8+ Kc7 56. Rxb2 Rxb2 57. Kf6 Kd6 58. e7
Rf2+ 59. Kg5 Kxe7 0-1

[Event "C.to Europeo U16"]
[Site "Fermo ITA"]
[Date "2009.09.01"]
[Round "2"]
[White "Marconi, Gabriele"]
[Black "Pozueta Alegria, Adrian"]
[Result "1/2-1/2"]
[WhiteElo "1795"]
[BlackElo "2022"]
[PlyCount "90"]
[EventDate "2009.08.31"]

1. d4 Nf6 2. e3 g6 3. Bd3 Bg7 4. b3 d5 5. Bb2 c5 6. Nf3 Nc6 7. Nbd2 Nd7 8. a3
e5 9. dxe5 Ndxe5 10. Nxe5 Nxe5 11. Bb5+ Bd7 12. Bxd7+ Qxd7 13. Bxe5 Bxe5 14.
Rc1 O-O 15. a4 Qc7 16. h3 Rfd8 17. O-O a6 18. Nf3 Bg7 19. Qe2 Qa5 20. Rfd1 Qb4
21. Ng5 Bf6 22. Nf3 b5 23. axb5 axb5 24. Ne1 c4 25. bxc4 dxc4 26. Rxd8+ Rxd8
27. Rd1 Rxd1 28. Qxd1 Qc3 29. Nf3 b4 30. Nd2 Be5 31. Ne4 Qa1 32. Qxa1 Bxa1 33.
Nd2 b3 34. cxb3 cxb3 35. Nxb3 Bc3 36. Kf1 Kf8 37. Ke2 Ke7 38. Kd3 Be1 39. f3
Kd6 40. Kd4 h5 41. g4 f5 42. gxf5 gxf5 43. e4 Bf2+ 44. Kd3 f4 45. h4 Be1
1/2-1/2

[Event "C.to Europeo U16"]
[Site "Fermo ITA"]
[Date "2009.09.01"]
[Round "2"]
[White "Martinho Mesquita Alves, Filipe"]
[Black "Rossi, Nicolo' N."]
[Result "1-0"]
[WhiteElo "1973"]
[BlackElo "1721"]
[PlyCount "41"]
[EventDate "2009.08.31"]

1. e4 e5 2. Nf3 Nc6 3. Bb5 Bc5 4. O-O d6 5. c3 a6 6. Ba4 b5 7. Bb3 Nf6 8. d4
exd4 9. cxd4 Bb6 10. h3 O-O 11. Nc3 b4 12. Nd5 Nxe4 13. Nxb6 cxb6 14. Bd5 Nxf2
15. Rxf2 Bb7 16. Ng5 Qe7 17. Nxf7 Na5 18. Bg5 Qc7 19. Rc1 Qb8 20. Qf3 b5 21.
Nd8+ 1-0

[Event "C.to Europeo U16"]
[Site "Fermo ITA"]
[Date "2009.09.01"]
[Round "2"]
[White "Meskovs, Nikita"]
[Black "Popilski, Gil"]
[Result "1/2-1/2"]
[WhiteElo "2221"]
[BlackElo "2392"]
[PlyCount "95"]
[EventDate "2009.08.31"]

1. d4 Nf6 2. c4 g6 3. Nc3 d5 4. Nf3 Bg7 5. Bg5 Ne4 6. cxd5 Nxg5 7. Nxg5 e6 8.
Nf3 exd5 9. e3 a5 10. Bd3 O-O 11. O-O c6 12. a3 Qd6 13. Na4 Nd7 14. Rc1 b6 15.
e4 dxe4 16. Bxe4 Bb7 17. Qb3 b5 18. Nc5 Nxc5 19. dxc5 Qf6 20. Rb1 Rfe8 21. Rfe1
Re6 22. Re2 Qe7 23. Qc2 f5 24. Bd3 Rxe2 25. Bxe2 a4 26. h4 Rd8 27. b3 axb3 28.
Qxb3+ Rd5 29. Bf1 Qxc5 30. a4 Qc3 31. Qxc3 Bxc3 32. axb5 cxb5 33. Rxb5 Rd7 34.
h5 Kg7 35. hxg6 hxg6 36. Rb3 Rc7 37. Rb1 Bf6 38. Rd1 Be4 39. Ne1 Ra7 40. g3 Bc6
41. Bg2 Be8 42. Nd3 Ba4 43. Rc1 Bb3 44. Nf4 Ra1 45. Rxa1 Bxa1 46. Bd5 Ba4 47.
Nh3 Kf6 48. f4 1/2-1/2

[Event "C.to Europeo U16"]
[Site "Fermo ITA"]
[Date "2009.09.01"]
[Round "2"]
[White "Pecurica, Milos"]
[Black "Wright, Jonathan"]
[Result "1-0"]
[WhiteElo "2010"]
[BlackElo "1776"]
[PlyCount "55"]
[EventDate "2009.08.31"]

1. d4 d5 2. c4 dxc4 3. Nf3 Nf6 4. e3 c6 5. Bxc4 Nbd7 6. Nc3 e6 7. O-O Be7 8. e4
O-O 9. Bg5 h6 10. Bf4 b5 11. Bd3 a6 12. Qe2 c5 13. e5 c4 14. Bc2 Nd5 15. Nxd5
exd5 16. e6 Nf6 17. exf7+ Rxf7 18. Ne5 Bd6 19. Nxf7 Kxf7 20. Be5 Bg4 21. f3 Be6
22. f4 Bg4 23. Qf2 Kg8 24. Rae1 Be6 25. Qg3 Qe7 26. f5 Nh5 27. Qg6 Bxe5 28.
Rxe5 1-0

[Event "C.to Europeo U16"]
[Site "Fermo ITA"]
[Date "2009.09.01"]
[Round "2"]
[White "Petenyi, Tamas"]
[Black "Sagripanti, Michele"]
[Result "1-0"]
[WhiteElo "2308"]
[BlackElo "1893"]
[PlyCount "49"]
[EventDate "2009.08.31"]

1. e4 e6 2. d4 d5 3. Nd2 Nf6 4. e5 Nfd7 5. Bd3 c5 6. c3 b6 7. Nh3 Ba6 8. Bxa6
Nxa6 9. O-O Qc7 10. Qg4 h6 11. Nf3 O-O-O 12. Nf4 g6 13. h4 Be7 14. c4 g5 15.
cxd5 gxf4 16. d6 Bxd6 17. exd6 Qxd6 18. Bxf4 Nf6 19. Qg3 Qe7 20. Ne5 Nh5 21.
Qa3 Nb4 22. Qf3 Qxh4 23. Qa8+ Kc7 24. Qxa7+ Kc8 25. Nc4 1-0

[Event "C.to Europeo U16"]
[Site "Fermo ITA"]
[Date "2009.09.01"]
[Round "2"]
[White "Piscitelli, Vito"]
[Black "Gouliaros-Antoniadis, Alexandros"]
[Result "1-0"]
[WhiteElo "2067"]
[BlackElo "1858"]
[PlyCount "67"]
[EventDate "2009.08.31"]

1. e4 c5 2. Nc3 e6 3. f4 Nc6 4. Nf3 d5 5. Bb5 Nge7 6. Qe2 d4 7. Nb1 a6 8. Bxc6+
Nxc6 9. O-O Be7 10. a4 O-O 11. Na3 Rb8 12. Nc4 b5 13. Nce5 Nxe5 14. Nxe5 Qc7
15. d3 Bd6 16. Rf3 Bxe5 17. fxe5 f6 18. exf6 Rxf6 19. Rxf6 gxf6 20. axb5 axb5
21. Bh6 e5 22. Rf1 Qf7 23. Qf2 Rb6 24. Qh4 Rd6 25. Rf3 Qa2 26. h3 Kf7 27. Bg5
Ke8 28. Bxf6 Qb1+ 29. Kh2 Qxc2 30. Qxh7 Re6 31. Qg8+ Kd7 32. Qd8+ Kc6 33. Qxc8+
Kd6 34. Bd8 1-0

[Event "C.to Europeo U16"]
[Site "Fermo ITA"]
[Date "2009.09.01"]
[Round "2"]
[White "Rioboo De Larriva, Alvaro"]
[Black "Javakhadze, Zurab"]
[Result "1/2-1/2"]
[WhiteElo "2150"]
[BlackElo "2309"]
[PlyCount "132"]
[EventDate "2009.08.31"]

1. e4 c5 2. Nc3 Nc6 3. Bb5 Nd4 4. Bc4 e6 5. Nge2 Nf6 6. O-O a6 7. d3 b5 8. Bb3
Nxb3 9. axb3 Bb7 10. Ng3 d6 11. f4 Be7 12. f5 O-O 13. Kh1 b4 14. Nce2 e5 15.
Bg5 Ng4 16. Bxe7 Qxe7 17. h3 Nf6 18. Qd2 d5 19. exd5 Bxd5 20. Qg5 Rfe8 21. Nh5
Nxh5 22. Qxh5 f6 23. Ng3 Qb7 24. Qe2 a5 25. Rfe1 Red8 26. Ne4 Bxe4 27. dxe4 Qa6
28. Qxa6 Rxa6 29. Red1 Rd4 30. Rxd4 cxd4 31. Rd1 a4 32. bxa4 Rxa4 33. Kg1 Ra2
34. Rb1 Kf7 35. Kf2 Ke7 36. Ke2 Kd6 37. Kd3 Kc5 38. g4 Ra8 39. h4 h6 40. Rh1
Rh8 41. Ra1 h5 42. g5 fxg5 43. hxg5 h4 44. Ke2 Kc4 45. Rh1 b3 46. cxb3+ Kxb3
47. Kd3 Kxb2 48. f6 gxf6 49. gxf6 Kb3 50. Rb1+ Ka3 51. Kc4 h3 52. Kd5 h2 53. f7
d3 54. Kxe5 d2 55. Kf6 Rd8 56. e5 Ka2 57. Rd1 Kb3 58. e6 Kc2 59. e7 Rd6+ 60.
Ke5 Kxd1 61. e8=Q h1=Q 62. Kxd6 Qh6+ 63. Kc7 Qf4+ 64. Kb6 Qb4+ 65. Ka6 Qa3+ 66.
Kb7 Qb4+ 1/2-1/2

[Event "C.to Europeo U16"]
[Site "Fermo ITA"]
[Date "2009.09.01"]
[Round "2"]
[White "Rozic, Samo"]
[Black "Bongioanni, Alberto"]
[Result "1-0"]
[WhiteElo "1999"]
[BlackElo "1747"]
[PlyCount "71"]
[EventDate "2009.08.31"]

1. e4 e6 2. d4 d5 3. exd5 exd5 4. Bd3 Bd6 5. Nf3 Ne7 6. O-O O-O 7. Bg5 f6 8.
Bh4 Bf5 9. Bg3 c6 10. Re1 Bxd3 11. Qxd3 Bxg3 12. hxg3 Qd6 13. Nbd2 Nd7 14. c4
Ng6 15. c5 Qc7 16. b4 a6 17. a4 Rfe8 18. Reb1 Ndf8 19. b5 Reb8 20. bxc6 bxc6
21. Rxb8 Qxb8 22. Rb1 Qc8 23. Qb3 Nd7 24. Qb7 Ngf8 25. Qxc8 Rxc8 26. Rb7 Nb8
27. Nb3 Ne6 28. Na5 h6 29. Re7 Nf8 30. Nh4 Nh7 31. Nf5 Ng5 32. Rxg7+ Kh8 33. f3
Ne6 34. Rg6 Nd7 35. Rxh6+ Kg8 36. Ne7+ 1-0

[Event "C.to Europeo U16"]
[Site "Fermo ITA"]
[Date "2009.09.01"]
[Round "2"]
[White "Schneider, Rafael"]
[Black "Marguerettaz, Davy"]
[Result "1/2-1/2"]
[WhiteElo "1823"]
[BlackElo "2048"]
[PlyCount "63"]
[EventDate "2009.08.31"]

1. e4 e5 2. Nf3 Nc6 3. Bb5 Nf6 4. O-O Nxe4 5. Re1 Nd6 6. Nxe5 Nxe5 7. Rxe5+ Be7
8. Bd3 O-O 9. Nc3 c6 10. b3 Ne8 11. Bb2 d5 12. Qh5 Nf6 13. Qh4 h6 14. Rae1 Be6
15. R5e2 Ne4 16. Qh5 g6 17. Qf3 Nc5 18. Qg3 Bd6 19. f4 Nxd3 20. Rxe6 Nxf4 21.
Rxd6 Qxd6 22. Rf1 Qc5+ 23. Kh1 Ne6 24. Na4 Qxc2 25. Qe5 d4 26. Ba3 Rfe8 27. Qf6
Rf8 28. Bd6 Rad8 29. Be5 Kh7 30. Qe7 Kg8 31. Qf6 Kh7 32. Qe7 1/2-1/2

[Event "C.to Europeo U16"]
[Site "Fermo ITA"]
[Date "2009.09.01"]
[Round "2"]
[White "Seegert, Kristian"]
[Black "Hartl, Daniel"]
[Result "1-0"]
[WhiteElo "2103"]
[BlackElo "2249"]
[PlyCount "39"]
[EventDate "2009.08.31"]

1. e4 e5 2. Nf3 Nc6 3. Bc4 Nf6 4. d4 exd4 5. O-O Nxe4 6. Re1 d5 7. Bxd5 Qxd5 8.
Nc3 Qd8 9. Rxe4+ Be7 10. Nxd4 f5 11. Rxe7+ Nxe7 12. Qh5+ g6 13. Qh4 Nc6 14. Bg5
Qxd4 15. Re1+ Be6 16. Rxe6+ Kd7 17. Re7+ Kc8 18. Rxc7+ Kb8 19. Bf4 Re8 20.
Rxc6+ 1-0

[Event "C.to Europeo U16"]
[Site "Fermo ITA"]
[Date "2009.09.01"]
[Round "2"]
[White "Simongini, Giacomo"]
[Black "Immonen, Vihtori"]
[Result "0-1"]
[WhiteElo "1566"]
[BlackElo "1872"]
[PlyCount "52"]
[EventDate "2009.08.31"]

1. e4 c5 2. Nc3 Nc6 3. f4 g6 4. d3 Bg7 5. Nf3 d6 6. Be3 e6 7. Be2 Nge7 8. Qd2
O-O 9. h4 Qa5 10. h5 d5 11. hxg6 d4 12. gxh7+ Kh8 13. e5 dxe3 14. Qxe3 Nf5 15.
Qf2 Ncd4 16. g4 Nxf3+ 17. Bxf3 Nd4 18. Be4 Rb8 19. Rh5 b5 20. f5 exf5 21. gxf5
f6 22. e6 Bb7 23. Rh4 b4 24. Bxb7 bxc3 25. b4 Qxb4 26. Bd5 Qb1+ 0-1

[Event "C.to Europeo U16"]
[Site "Fermo ITA"]
[Date "2009.09.01"]
[Round "2"]
[White "Song, Julien"]
[Black "Ralys, Vincas"]
[Result "1/2-1/2"]
[WhiteElo "2319"]
[BlackElo "1868"]
[PlyCount "70"]
[EventDate "2009.08.31"]

1. d4 d5 2. Nf3 Nf6 3. c4 c6 4. e3 Bf5 5. Nc3 e6 6. Nh4 Bg4 7. Qb3 b6 8. h3 Bh5
9. g4 Ne4 10. Nf3 Bg6 11. Bg2 h5 12. Nxe4 Bxe4 13. Bd2 Qf6 14. Ke2 Nd7 15. Qa4
dxc4 16. Qxc4 Rc8 17. g5 Qe7 18. h4 b5 19. Qc3 Nb6 20. Rhc1 Qb7 21. b4 Na4 22.
Qb3 Bd6 23. Ne1 Bxg2 24. Nxg2 O-O 25. Ne1 e5 26. dxe5 Bxe5 27. Rab1 Qd7 28. Nf3
Rcd8 29. Be1 Bb8 30. Rd1 Qg4 31. Rbc1 Nb6 32. Rxc6 Nc4 33. Bc3 Be5 34. Be1 Bb8
35. Bc3 Be5 1/2-1/2

[Event "C.to Europeo U16"]
[Site "Fermo ITA"]
[Date "2009.09.01"]
[Round "2"]
[White "Srbis, Jurica"]
[Black "Ten Hertog, Hugo"]
[Result "1/2-1/2"]
[WhiteElo "2250"]
[BlackElo "2108"]
[PlyCount "73"]
[EventDate "2009.08.31"]

1. e4 c5 2. Nf3 d6 3. d4 cxd4 4. Nxd4 Nf6 5. Nc3 a6 6. h3 e6 7. g4 h6 8. Bg2
Nbd7 9. Be3 Ne5 10. O-O g5 11. Qe2 Be7 12. Rad1 Ng6 13. Rfe1 Nd7 14. Nf3 Qc7
15. Qd2 Nde5 16. Nxe5 dxe5 17. Na4 Bd7 18. Nb6 Rd8 19. Nxd7 Rxd7 20. Qxd7+ Qxd7
21. Rxd7 Kxd7 22. Rd1+ Kc6 23. Rd3 Rd8 24. Rc3+ Kd7 25. Bf1 Nf4 26. Bb6 Rc8 27.
Rxc8 Kxc8 28. a3 Kd7 29. b4 Kc6 30. Be3 b5 31. c4 Bd8 32. Kh2 Bb6 33. c5 Bc7
34. Kg3 Ng6 35. Bd2 Bb8 36. Bc1 Bc7 37. Bd2 1/2-1/2